Land management, land administration and geospatial data: exploring the conceptual linkages in the developing world (Record no. 72025)
[ view plain ]
| 000 -LEADER | |
|---|---|
| fixed length control field | 01861cam a2200253 4500 |
| 001 - CONTROL NUMBER | |
| control field | X121205 |
| 008 - FIXED-LENGTH DATA ELEMENTS--GENERAL INFORMATION | |
| fixed length control field | 030203n2002 000 0 eng u |
| 035 ## - SYSTEM CONTROL NUMBER | |
| System control number | (Sirsi) u121205 |
| 100 ## - MAIN ENTRY--PERSONAL NAME | |
| Personal name | Fourie, C. |
| 245 ## - TITLE STATEMENT | |
| Title | Land management, land administration and geospatial data: exploring the conceptual linkages in the developing world |
| 260 ## - PUBLICATION, DISTRIBUTION, ETC. | |
| Date of publication, distribution, etc. | 2002 |
| 490 ## - SERIES STATEMENT | |
| Series statement | Geomatica |
| Volume/sequential designation | 56(4) 2002, 351-361(11) |
| 520 ## - SUMMARY, ETC. | |
| Summary, etc. | In considering the developing world it serves little purpose to link land administration to geospatial data infrastructures (GDIs) without taking into account land management. A wider, institutionally based focus is necessary to analyse the multiple local initiatives and large-scale informal land management/administration being undertaken. A focus on land management/administration organisations linked to the cadastre is necessary but not sufficient. There is a wide range of other institutions undertaking land management/administration each with their own form of LIS/GIS, using a range of spatial units. Consequently, the definition of GDI for a developing country should differ from that of a developed country's GDI. It should be institutionally based, and accommodate multiple institutions and a range of spatial units. In terms of this thinking, a range of research questions are posed about inter-operability, accuracy and coordinates, legal and regulatory frameworks, cost and affordability, and appropriate GDIs for conditions in the developing world. References and bibliography [Taken from journal headnote]. |
| 650 ## - SUBJECT ADDED ENTRY--TOPICAL TERM | |
| Topical term or geographic name entry element | LAND MANAGEMENT |
| 650 ## - SUBJECT ADDED ENTRY--TOPICAL TERM | |
| Topical term or geographic name entry element | LAND ADMINISTRATION |
| 650 ## - SUBJECT ADDED ENTRY--TOPICAL TERM | |
| Topical term or geographic name entry element | GEOSPATIAL DATA INFRASTRUCTURES |
| 650 ## - SUBJECT ADDED ENTRY--TOPICAL TERM | |
| Topical term or geographic name entry element | CADASTRAL SURVEYING |
| 650 ## - SUBJECT ADDED ENTRY--TOPICAL TERM | |
| Topical term or geographic name entry element | GIS |
| 650 ## - SUBJECT ADDED ENTRY--TOPICAL TERM | |
| Topical term or geographic name entry element | DEVELOPING COUNTRIES |
| 690 ## - LOCAL SUBJECT ADDED ENTRY--TOPICAL TERM (OCLC, RLIN) | |
| Topical term or geographic name as entry element | MAPPING AND MEASUREMENT-GIS |
| 700 ## - ADDED ENTRY--PERSONAL NAME | |
| Personal name | Molen, P. van de |
| 700 ## - ADDED ENTRY--PERSONAL NAME | |
| Personal name | Groot, R. |
| 942 ## - ADDED ENTRY ELEMENTS (KOHA) | |
| Suppress in OPAC | 0 |
| Withdrawn status | Lost status | Source of classification or shelving scheme | Damaged status | Not for loan | Home library | Current library | Shelving location | Date acquired | Total Checkouts | Full call number | Barcode | Date last seen | Copy number | Price effective from | Koha item type |
|---|---|---|---|---|---|---|---|---|---|---|---|---|---|---|---|
| Dewey Decimal Classification | London | London | Journal article | 03/02/2003 | X121205 | 121205-1001 | 06/08/2019 | 1 | 06/08/2019 | Journal article |